LEADER 01299nam 2200337Ia 450 001 996396158303316 005 20221103135414.0 035 $a(CKB)4940000000057811 035 $a(EEBO)2248584233 035 $a(OCoLC)12605149 035 $a(EXLCZ)994940000000057811 100 $a19850926d1687 uy | 101 0 $aeng 135 $aurbn||||a|bb| 200 10$aConsiderations on the Council of Trent$b[electronic resource] $ebeing the fifth discourse, concerning the guide in controversies /$fby R.H 210 $aLondon $cPrinted for W.C., and are to be sold by Matthew Turner ...$d1687 215 $a[16], 230, 34, 231-241 p 300 $aItem at 971:14a bound with: The Roman doctrine of repentance and of indulgences, vindicated from Dr. Stillingfleet's misrepresentations, printed in the year 1679. 300 $aIncorrectly identified in reel guides as Wing W3444 and W3444A; this edition not in Wing. 300 $aReproduction of originals in Huntington Library and the British Library. 330 $aeebo-0113 700 $aR. H$f1609-1678.$01001862 801 0$bEAA 801 1$bEAA 801 2$bm/c 801 2$bUMI 801 2$bWaOLN 906 $aBOOK 912 $a996396158303316 996 $aConsiderations on the Council of Trent$92318902 997 $aUNISA